[Event "Wroclaw Anderssen Memorial op-B"]
[Site "Wroclaw"]
[Date "2023.??.??"]
[Round "4"]
[White "Bukowska, Katarzyna"]
[Black "Pietryk, Joanna"]
[Result "0-1"]
[WhiteElo "1802"]
[BlackElo "1674"]
[PlyCount "80"]
[EventDate "2023.08.06"]
[EventType "swiss"]
[EventRounds "9"]
[EventCountry "POL"]
[SourceTitle "EXT 2024"]
[Source "ChessBase"]
[SourceDate "2023.10.10"]
[SourceVersion "1"]
[SourceVersionDate "2023.10.10"]
[SourceQuality "1"]

1. e4 c6 2. d4 d5 3. Nd2 dxe4 4. Nxe4 Nf6 5. Nxf6+ exf6 6. Be3 Bd6 7. Bd3 Na6 8. c3 Nc7 9. Ne2 Nd5 10. Bd2 h5 11. Qc2 Qc7 12. h3 Be6 13. 0-0-0 b5 14. c4 bxc4 15. Bxc4 Rb8 16. Rhe1 0-0 17. f4 Nb4 18. Bxb4 Bxb4 19. Rf1 Qa5 20. Rf3 Bf5 21. Bd3 Bxd3 22. Rfxd3 Qxa2 23. Qb1 Qd5 24. Nc3 Qxg2 25. Qc2 Qxc2+ 26. Kxc2 Bd6 27. f5 Rfe8 28. Ra1 Re7 29. Ra6 Rb6 30. Ra2 g5 31. Ra1 Kg7 32. Rg1 Kh6 33. Rg2 Bb4 34. d5 Rd7 35. dxc6 Rxd3 36. Kxd3 Rxc6 37. Nd5 Ba5 38. Ne3 Rc5 39. Ke4 Re5+ 40. Kd3 Bb6 0-1

[Event "POL-ch sf (Women)"]
[Site "Karpacz"]
[Date "2022.12.10"]
[Round "9"]
[White "Kubicka, Anna"]
[Black "Pietryk, Joanna"]
[Result "1/2-1/2"]
[WhiteElo "2217"]
[BlackElo "1414"]
[PlyCount "209"]
[EventDate "2022.12.03"]
[EventType "swiss"]
[EventRounds "9"]
[EventCountry "POL"]
[SourceTitle "EXT 2024"]
[Source "ChessBase"]
[SourceDate "2023.10.10"]
[SourceVersion "1"]
[SourceVersionDate "2023.10.10"]
[SourceQuality "1"]

1. e4 c6 2. d4 d5 3. Nc3 dxe4 4. Nxe4 Bf5 5. Ng3 Bg6 6. Nf3 Nd7 7. Bd3 Bxd3 8. Qxd3 e6 9. 0-0 Qc7 10. c4 Ngf6 11. b3 Be7 12. Bb2 0-0 13. Qe2 Rfe8 14. Rfd1 Rad8 15. Rac1 c5 16. Qc2 h6 17. d5 exd5 18. cxd5 Bd6 19. Nf5 b6 20. Qc4 Ne5 21. Nxe5 Bxe5 22. d6 Qd7 23. Bxe5 Rxe5 24. Ne3 Re6 25. h3 Rxd6 26. Rxd6 Qxd6 27. Qh4 Qe5 28. Ng4 Qg5 29. Nxf6+ Qxf6 30. Qxf6 gxf6 31. Rc2 Kg7 32. Kf1 f5 33. Ke2 Kf6 34. Rc3 Rd4 35. Rg3 b5 36. Rg8 c4 37. Rb8 cxb3 38. axb3 Rb4 39. Rb7 a5 40. Ra7 Rxb3 41. Rxa5 Rb1 42. Ra8 b4 43. Kf3 Rb2 44. Ra5 b3 45. Rb5 Kg6 46. g3 Kf6 47. Rb6+ Kg7 48. h4 h5 49. Rb4 Kg6 50. Ke3 Kf6 51. f3 Kg6 52. Kf4 Rc2 53. Rxb3 Rc5 54. Rb8 f6 55. Rg8+ Kh7 56. Rd8 Kg6 57. Ke3 Rc4 58. Rd4 Rc3+ 59. Rd3 Rc4 60. Ra3 Kg7 61. Kd3 Rb4 62. Kc3 Rb1 63. Kd4 Rg1 64. f4 Rd1+ 65. Rd3 Re1 66. Kd5 Re2 67. Ra3 Re1 68. Kd6 Kg6 69. Kd7 Re2 70. Rb3 Re1 71. Kd6 Re2 72. Kd5 Re1 73. Kd4 Re2 74. Re3 Rd2+ 75. Kc3 Rd7 76. Rd3 Re7 77. Kd2 Kf7 78. Rd8 Kg7 79. Ra8 Rd7+ 80. Ke3 Re7+ 81. Kf3 Rd7 82. Re8 Rd3+ 83. Re3 Rd7 84. Ke2 Kg6 85. Rd3 Re7+ 86. Kd2 Kf7 87. Kc3 Kg6 88. Kc4 Re1 89. Kc5 Re2 90. Kd6 Re1 91. Ra3 Re2 92. Kd7 Kf7 93. Rb3 Rd2+ 94. Kc6 Rc2+ 95. Kd5 Rd2+ 96. Kc4 Rd7 97. Kc5 Rd1 98. Rc3 Rd7 99. Re3 Rd1 100. Kc4 Rd7 101. Ra3 Rc7+ 102. Kd5 Rd7+ 103. Kc6 Rd1 104. Rc3 Rd2 105. Re3 1/2-1/2

[Event "POL-ch U14 Girls"]
[Site "Uniejow"]
[Date "2021.07.22"]
[Round "6"]
[White "Seemann, Pola"]
[Black "Pietryk, Joanna"]
[Result "1-0"]
[WhiteElo "1607"]
[BlackElo "1385"]
[PlyCount "73"]
[EventDate "2021.07.18"]
[EventType "swiss"]
[EventRounds "9"]
[EventCountry "POL"]
[SourceTitle "EXT 2022"]
[Source "ChessBase"]
[SourceDate "2021.10.06"]
[SourceVersion "1"]
[SourceVersionDate "2021.10.06"]
[SourceQuality "1"]

1. e4 c5 2. Nf3 a6 3. c3 e6 4. d4 Qc7 5. Be2 Nf6 6. Nbd2 b5 7. 0-0 Bb7 8. Bd3 d5 9. e5 Nfd7 10. Re1 Be7 11. Nf1 Nb6 12. Ne3 N8d7 13. Bc2 Rc8 14. Bd2 Nc4 15. b3 Nxd2 16. Qxd2 0-0 17. Qd3 g6 18. Qd2 cxd4 19. cxd4 Qc3 20. Qe2 Nb8 21. Rac1 Ba3 22. Rcd1 Nc6 23. Rd3 Qa5 24. Bb1 Nb4 25. Rdd1 Rc3 26. Qd2 Nc6 27. Ng4 Be7 28. Nf6+ Kg7 29. Ng4 Kg8 30. b4 Qa3 31. Qh6 Rxf3 32. gxf3 Qxf3 33. h3 Nxb4 34. a3 Nc6 35. Rd3 Qf5 36. Rg3 Qh5 37. Nf6+ 1-0

[Event "POL-ch U14 Girls"]
[Site "Uniejow"]
[Date "2021.07.21"]
[Round "4"]
[White "Szczotka, Klara"]
[Black "Pietryk, Joanna"]
[Result "1-0"]
[WhiteElo "1916"]
[BlackElo "1385"]
[PlyCount "41"]
[EventDate "2021.07.18"]
[EventType "swiss"]
[EventRounds "9"]
[EventCountry "POL"]
[SourceTitle "EXT 2022"]
[Source "ChessBase"]
[SourceDate "2021.10.06"]
[SourceVersion "1"]
[SourceVersionDate "2021.10.06"]
[SourceQuality "1"]

1. e4 c6 2. Nf3 d5 3. d3 Qc7 4. e5 Bg4 5. d4 e6 6. c3 c5 7. Na3 a6 8. Qa4+ Qc6 9. Bb5 axb5 10. Qxa8 Qc8 11. Nxb5 cxd4 12. Nfxd4 Bc5 13. Bf4 h6 14. 0-0 Kf8 15. Be3 Be7 16. Rfc1 g6 17. c4 dxc4 18. b3 Kg7 19. Rxc4 Qf8 20. Qxb7 Kh7 21. Rc8 1-0

[Event "POL-ch U14 Girls"]
[Site "Uniejow"]
[Date "2021.07.20"]
[Round "2"]
[White "Pietryk, Joanna"]
[Black "Tokarz, Izabela"]
[Result "0-1"]
[WhiteElo "1385"]
[BlackElo "1681"]
[PlyCount "76"]
[EventDate "2021.07.18"]
[EventType "swiss"]
[EventRounds "9"]
[EventCountry "POL"]
[SourceTitle "EXT 2022"]
[Source "ChessBase"]
[SourceDate "2021.10.06"]
[SourceVersion "1"]
[SourceVersionDate "2021.10.06"]
[SourceQuality "1"]

1. e4 c5 2. Nf3 Nc6 3. d4 cxd4 4. Nxd4 e5 5. Nb5 d6 6. N1c3 a6 7. Na3 b5 8. Nd5 Nf6 9. Bg5 Be7 10. Bxf6 Bxf6 11. c4 b4 12. Nc2 a5 13. Qf3 Be7 14. Rd1 Be6 15. g3 0-0 16. Qd3 Rc8 17. b3 Kh8 18. Bg2 f5 19. Nxe7 Qxe7 20. Qxd6 Qf6 21. Qd2 fxe4 22. 0-0 Bg4 23. Rde1 Bf3 24. Re3 Rcd8 25. Qc1 Nd4 26. Kh1 Qf5 27. Ne1 Be2 28. Bxe4 Qh5 29. Rg1 Rxf2 30. Rg2 Rf1+ 31. Rg1 Rdf8 32. Bg2 Rxg1+ 33. Kxg1 Qf5 34. Qd2 Bf1 35. Nd3 Bxg2 36. Qxg2 Nc2 37. Re2 Qxd3 38. Rxc2 Qd1+ 0-1